[Event "c14"]
[Site "?"]
[Date "2020.08.27"]
[Round "6.3"]
[White "Karolczuk, Iwo"]
[Black "Malinowski, Szymon"]
[Result "0-1"]
[BlackElo "1663"]
[WhiteElo "2044"]
[LiveChessVersion "1.4.8"]

1. d4 {[%clk 0:03:02]} d5 {[%clk 0:03:03]} 2. Nf3 {[%clk 0:03:03]} Nf6
{[%clk 0:03:04]} 3. c4 {[%clk 0:03:04]} e6 {[%clk 0:03:05]} 4. e3
{[%clk 0:03:05]} Be7 {[%clk 0:03:05]} 5. b3 {[%clk 0:03:04]} O-O {[%clk 0:03:00]}
6. Bd3 {[%clk 0:03:05]} b6 {[%clk 0:02:59]} 7. cxd5 {[%clk 0:03:04]} exd5
{[%clk 0:03:00]} 8. O-O {[%clk 0:03:04]} Bb7 {[%clk 0:03:01]} 9. Bb2
{[%clk 0:02:58]} c5 {[%clk 0:03:01]} 10. Nbd2 {[%clk 0:02:46]} Nc6
{[%clk 0:02:46]} 11. Rc1 {[%clk 0:02:45]} Rc8 {[%clk 0:02:13]} 12. a3
{[%clk 0:02:45]} cxd4 {[%clk 0:02:00]} 13. Nxd4 {[%clk 0:02:41]} Nxd4
{[%clk 0:02:01]} 14. Bxd4 {[%clk 0:02:42]} Bxa3 {[%clk 0:02:00]} 15. Ra1
{[%clk 0:02:42]} Bc5 {[%clk 0:02:00]} 16. Rxa7 {[%clk 0:02:33]} Bc6
{[%clk 0:02:00]} 17. Nf3 {[%clk 0:02:13]} Qd6 {[%clk 0:01:53]} 18. Bb2
{[%clk 0:01:51]} Ra8 {[%clk 0:01:35]} 19. Rxa8 {[%clk 0:01:45]} Rxa8
{[%clk 0:01:36]} 20. Qb1 {[%clk 0:01:46]} h6 {[%clk 0:01:27]} 21. Nd4
{[%clk 0:01:22]} Bd7 {[%clk 0:01:12]} 22. h3 {[%clk 0:01:17]} Re8
{[%clk 0:00:24]} 23. Rd1 {[%clk 0:01:05]} Rd8 {[%clk 0:00:13]} 24. Nf3
{[%clk 0:01:01]} Bc6 {[%clk 0:00:08]} 25. Be5 {[%clk 0:00:51]} Qe6
{[%clk 0:00:09]} 26. b4 {[%clk 0:00:49]} Be7 {[%clk 0:00:07]} 27. Bd4
{[%clk 0:00:48]} Bb7 {[%clk 0:00:07]} 28. Bf5 {[%clk 0:00:40]} Qd6
{[%clk 0:00:07]} 29. Be5 {[%clk 0:00:40]} Qxb4 {[%clk 0:00:07]} 30. Qa1
{[%clk 0:00:32]} Qc5 {[%clk 0:00:05]} 31. Bd4 {[%clk 0:00:32]} Qd6
{[%clk 0:00:05]} 32. Rb1 {[%clk 0:00:33]} Ra8 {[%clk 0:00:05]} 33. Qc3
{[%clk 0:00:33]} g6 {[%clk 0:00:04]} 34. Bd3 {[%clk 0:00:33]} Ne4
{[%clk 0:00:05]} 35. Qe1 {[%clk 0:00:32]} Rb8 {[%clk 0:00:04]} 36. Rxb6
{[%clk 0:00:32]} Qd7 {[%clk 0:00:05]} 37. Qb1 {[%clk 0:00:32]} Bd8
{[%clk 0:00:05]} 38. Rb2 {[%clk 0:00:32]} Qc7 {[%clk 0:00:04]} 39. Be5
{[%clk 0:00:31]} Nd6 {[%clk 0:00:05]} 40. Rb6 {[%clk 0:00:31]} Qxb6
{[%clk 0:00:05]} 41. Qxb6 {[%clk 0:00:21]} Bxb6 {[%clk 0:00:06]} 42. Bxd6
{[%clk 0:00:22]} Ra8 {[%clk 0:00:08]} 43. Be5 {[%clk 0:00:22]} Bd8
{[%clk 0:00:08]} 44. Bd4 {[%clk 0:00:23]} Be7 {[%clk 0:00:08]} 45. Kh2
{[%clk 0:00:24]} Bd6+ {[%clk 0:00:09]} 46. g3 {[%clk 0:00:24]} Ra2
{[%clk 0:00:10]} 47. Kg2 {[%clk 0:00:25]} Ba6 {[%clk 0:00:10]} 48. Bb1
{[%clk 0:00:26]} Ra3 {[%clk 0:00:10]} 49. Bc2 {[%clk 0:00:26]} Bc4
{[%clk 0:00:10]} 50. h4 {[%clk 0:00:24]} Ra2 {[%clk 0:00:11]} 51. Bd1
{[%clk 0:00:23]} Ra5 {[%clk 0:00:10]} 52. Nd2 {[%clk 0:00:21]} Bb4
{[%clk 0:00:10]} 53. Nf3 {[%clk 0:00:20]} Ra2 {[%clk 0:00:10]} 0-1

[Event "c14"]
[Site "?"]
[Date "2020.08.27"]
[Round "6.4"]
[White "Kusiak, Mateusz"]
[Black "Klimkowski, Jan"]
[Result "0-1"]
[BlackElo "1902"]
[WhiteElo "1633"]
[LiveChessVersion "1.4.8"]

1. e4 {[%clk 0:03:03]} c5 {[%clk 0:03:02]} 2. Nf3 {[%clk 0:03:04]} a6
{[%clk 0:03:03]} 3. d4 {[%clk 0:03:04]} cxd4 {[%clk 0:03:04]} 4. Nxd4
{[%clk 0:03:05]} Nf6 {[%clk 0:03:05]} 5. Nc3 {[%clk 0:03:06]} e5 {[%clk 0:03:07]}
6. Nf3 {[%clk 0:03:05]} Bb4 {[%clk 0:03:00]} 7. Bd2 {[%clk 0:02:48]} d6
{[%clk 0:02:57]} 8. Bd3 {[%clk 0:02:44]} O-O {[%clk 0:02:49]} 9. h3
{[%clk 0:02:45]} d5 {[%clk 0:02:00]} 10. O-O {[%clk 0:02:32]} Bxc3
{[%clk 0:01:58]} 11. Bxc3 {[%clk 0:02:20]} dxe4 {[%clk 0:01:59]} 12. Bxe5
{[%clk 0:02:08]} exd3 {[%clk 0:01:59]} 13. cxd3 {[%clk 0:02:09]} Nc6
{[%clk 0:02:00]} 14. Bc3 {[%clk 0:02:07]} Bf5 {[%clk 0:01:57]} 15. Qd2
{[%clk 0:02:05]} Qxd3 {[%clk 0:01:41]} 16. Bxf6 {[%clk 0:02:04]} Qxd2
{[%clk 0:01:39]} 17. Nxd2 {[%clk 0:02:05]} gxf6 {[%clk 0:01:40]} 18. Rfe1
{[%clk 0:01:48]} Rfe8 {[%clk 0:01:41]} 19. Nc4 {[%clk 0:01:48]} Rxe1+
{[%clk 0:01:37]} 20. Rxe1 {[%clk 0:01:49]} Rd8 {[%clk 0:01:38]} 21. Ne3
{[%clk 0:01:36]} Be6 {[%clk 0:01:39]} 22. b3 {[%clk 0:01:33]} Rd2
{[%clk 0:01:39]} 23. f4 {[%clk 0:01:29]} f5 {[%clk 0:01:38]} 24. g4
{[%clk 0:01:29]} Nd4 {[%clk 0:01:39]} 25. Ra1 {[%clk 0:01:07]} Nf3+
{[%clk 0:01:38]} 26. Kf1 {[%clk 0:01:06]} fxg4 {[%clk 0:01:38]} 27. hxg4
{[%clk 0:01:07]} h5 {[%clk 0:01:26]} 28. f5 {[%clk 0:01:01]} hxg4
{[%clk 0:01:23]} 29. Nxg4 {[%clk 0:00:50]} Bd7 {[%clk 0:01:08]} 30. Nf6+
{[%clk 0:00:51]} Kg7 {[%clk 0:01:09]} 31. Nxd7 {[%clk 0:00:49]} Rxd7
{[%clk 0:01:10]} 32. Kf2 {[%clk 0:00:50]} Nh4 {[%clk 0:01:11]} 33. Rg1+
{[%clk 0:00:50]} Kf6 {[%clk 0:01:12]} 34. Rg4 {[%clk 0:00:49]} Nxf5
{[%clk 0:01:13]} 35. Rb4 {[%clk 0:00:50]} Ne7 {[%clk 0:01:13]} 36. Rb6+
{[%clk 0:00:49]} Nc6 {[%clk 0:01:14]} 37. b4 {[%clk 0:00:46]} Ke5
{[%clk 0:01:13]} 38. b5 {[%clk 0:00:45]} axb5 39. Rxb5+ Kd4 40. Rb3
{[%clk 0:00:40]} Kc4 {[%clk 0:01:17]} 41. Rb1 {[%clk 0:00:39]} Re7
{[%clk 0:01:04]} 42. Rc1+ {[%clk 0:00:40]} Kb5 {[%clk 0:01:05]} 43. Rb1+
{[%clk 0:00:41]} Ka6 {[%clk 0:01:07]} 44. Rb3 {[%clk 0:00:40]} b5
{[%clk 0:01:08]} 45. Rc3 {[%clk 0:00:40]} Kb6 {[%clk 0:01:09]} 46. a3
{[%clk 0:00:41]} Na5 {[%clk 0:01:06]} 47. Rd3 {[%clk 0:00:40]} Nc4
{[%clk 0:01:07]} 48. Rc3 {[%clk 0:00:38]} Kc5 {[%clk 0:01:08]} 49. Rd3
{[%clk 0:00:37]} Ra7 {[%clk 0:01:08]} 50. Rf3 {[%clk 0:00:37]} Nxa3
{[%clk 0:01:08]} 51. Ke2 {[%clk 0:00:37]} Nc4 {[%clk 0:01:09]} 52. Kd1
{[%clk 0:00:38]} Kb4 {[%clk 0:01:07]} 53. Kc2 {[%clk 0:00:38]} Ra2+
{[%clk 0:01:08]} 54. Kb1 {[%clk 0:00:39]} Nd2+ {[%clk 0:01:09]} 55. Kxa2
{[%clk 0:00:39]} Nxf3 {[%clk 0:01:10]} 0-1

[Event "c14"]
[Site "?"]
[Date "2020.08.27"]
[Round "6.5"]
[White "Wnek, Filip"]
[Black "Paprocki, Antoni"]
[Result "1-0"]
[BlackElo "1878"]
[WhiteElo "1607"]
[LiveChessVersion "1.4.8"]

1. e4 c5 2. Nf3 d6 3. d4 cxd4 4. Nxd4 Nf6 5. Nc3 a6 6. h4 g6 7. f3 Bg7 8. Be3 Nc6
9. Qd2 h5 10. O-O-O Bd7 11. Kb1 Rc8 12. Nd5 Nxd5 13. exd5 Ne5 14. Be2 Nc4 15.
Bxc4 Rxc4 16. Rhe1 Bf6 17. Bf2 Kf8 18. c3 b5 19. Qe2 a5 20. g4 hxg4 21. fxg4 Be5
22. h5 gxh5 23. gxh5 a4 24. a3 Qc8 25. Be3 Bf5+ 26. Ka2 Bg4 27. Qf2 Bxd1 28. Rxd1
Qg4 29. Rf1 f6 30. Ne6+ Ke8 31. Bd2 Rxh5 32. Qa7 Rc8 33. Qb7 Rd8 34. Qa7 Qc4+ 35.
Kb1 Rc8 36. Rg1 Qe4+ 37. Ka1 Rh8 38. Ng7+ Kf7 39. Qd7 Rcd8 40. Qe6+ Kf8 41. Nf5
Bxc3 42. Qxe4 Be5 43. Qg4 Ke8 44. Qg7 Rf8 45. Qxe7# 1-0

[Event "c14"]
[Site "?"]
[Date "2020.08.27"]
[Round "6.6"]
[White "Wojdak, Jan"]
[Black "Ciszewski, Krzysztof"]
[Result "1-0"]
[BlackElo "1603"]
[WhiteElo "1772"]
[LiveChessVersion "1.4.8"]

1. d4 {[%clk 0:03:03]} Nf6 {[%clk 0:03:03]} 2. Bg5 {[%clk 0:03:05]} c5
{[%clk 0:03:03]} 3. Bxf6 {[%clk 0:03:05]} exf6 {[%clk 0:03:03]} 4. dxc5
{[%clk 0:03:04]} Bxc5 {[%clk 0:03:04]} 5. e3 {[%clk 0:03:05]} O-O
{[%clk 0:03:04]} 6. Bd3 {[%clk 0:03:06]} d5 {[%clk 0:03:03]} 7. Nc3
{[%clk 0:03:02]} Be6 {[%clk 0:03:01]} 8. Nge2 {[%clk 0:03:03]} Nc6
{[%clk 0:03:00]} 9. O-O {[%clk 0:03:00]} a6 {[%clk 0:02:59]} 10. Nf4
{[%clk 0:03:01]} Ne5 {[%clk 0:02:51]} 11. Nfxd5 {[%clk 0:02:37]} Bxd5
{[%clk 0:02:20]} 12. Nxd5 {[%clk 0:02:37]} Nxd3 {[%clk 0:02:06]} 13. Qxd3
{[%clk 0:02:38]} Bd6 {[%clk 0:01:34]} 14. Rad1 {[%clk 0:02:35]} Be5
{[%clk 0:01:33]} 15. c3 {[%clk 0:02:35]} Re8 {[%clk 0:01:29]} 16. h3
{[%clk 0:02:12]} Qa5 {[%clk 0:00:58]} 17. f4 {[%clk 0:02:01]} Bb8
{[%clk 0:00:49]} 18. Qc4 {[%clk 0:01:45]} Ba7 {[%clk 0:00:30]} 19. Rf3
{[%clk 0:01:25]} Rad8 {[%clk 0:00:19]} 20. Kh2 {[%clk 0:00:57]} Qb5
{[%clk 0:00:16]} 21. Qxb5 {[%clk 0:00:36]} axb5 {[%clk 0:00:18]} 22. Rd3
{[%clk 0:00:24]} h6 {[%clk 0:00:13]} 23. Rf1 {[%clk 0:00:18]} Rd6
{[%clk 0:00:07]} 24. Rfd1 {[%clk 0:00:16]} Kh8 {[%clk 0:00:06]} 25. Kg3
{[%clk 0:00:14]} Rde6 {[%clk 0:00:04]} 26. Kf3 {[%clk 0:00:14]} Rc8
{[%clk 0:00:05]} 27. e4 {[%clk 0:00:11]} g5 {[%clk 0:00:05]} 28. f5
{[%clk 0:00:11]} Re5 {[%clk 0:00:06]} 29. Nxf6 {[%clk 0:00:12]} Kg7
{[%clk 0:00:07]} 30. Nd5 {[%clk 0:00:12]} Rce8 {[%clk 0:00:07]} 31. Re1
{[%clk 0:00:12]} Rxf5+ {[%clk 0:00:07]} 32. exf5 {[%clk 0:00:12]} Rxe1
{[%clk 0:00:08]} 33. Rd2 {[%clk 0:00:09]} Re5 {[%clk 0:00:09]} 34. f6+
{[%clk 0:00:09]} Kg6 {[%clk 0:00:10]} 35. g4 {[%clk 0:00:10]} Re8
{[%clk 0:00:11]} 36. b3 Re5 {[%clk 0:00:10]} 37. c4 {[%clk 0:00:11]} bxc4
{[%clk 0:00:11]} 38. bxc4 {[%clk 0:00:13]} Bc5 {[%clk 0:00:12]} 39. Rb2
{[%clk 0:00:12]} b6 {[%clk 0:00:13]} 40. a4 {[%clk 0:00:10]} Re1 {[%clk 0:00:12]}
41. Nxb6 {[%clk 0:00:09]} Re3+ {[%clk 0:00:13]} 42. Kg2 {[%clk 0:00:10]} Bxb6
{[%clk 0:00:12]} 43. Rxb6 {[%clk 0:00:10]} Rc3 {[%clk 0:00:13]} 44. Rb4
{[%clk 0:00:10]} Rc2+ {[%clk 0:00:14]} 45. Kf3 {[%clk 0:00:10]} Kxf6
{[%clk 0:00:13]} 46. a5 {[%clk 0:00:10]} Rc3+ {[%clk 0:00:12]} 47. Ke4
{[%clk 0:00:11]} Rxh3 48. Ra4 Rh1 {[%clk 0:00:10]} 49. a6 {[%clk 0:00:13]} Re1+
{[%clk 0:00:11]} 50. Kd5 {[%clk 0:00:14]} Re8 {[%clk 0:00:12]} 51. a7
{[%clk 0:00:15]} Ra8 {[%clk 0:00:14]} 52. Ra6+ {[%clk 0:00:17]} Kg7
{[%clk 0:00:13]} 53. c5 {[%clk 0:00:17]} h5 {[%clk 0:00:13]} 54. gxh5
{[%clk 0:00:18]} g4 {[%clk 0:00:15]} 55. Kc6 {[%clk 0:00:19]} g3 {[%clk 0:00:15]}
56. Kb7 {[%clk 0:00:20]} Rxa7+ {[%clk 0:00:15]} 57. Kxa7 {[%clk 0:00:21]} g2
{[%clk 0:00:16]} 58. Ra1 {[%clk 0:00:22]} 1-0

[Event "c14"]
[Site "?"]
[Date "2020.08.27"]
[Round "6.7"]
[White "Malek, Jan"]
[Black "Zdybel, Przemyslaw"]
[Result "1-0"]
[BlackElo "1569"]
[WhiteElo "1703"]
[LiveChessVersion "1.4.8"]

1. e4 c5 2. c3 Nf6 3. e5 Nd5 4. g3 d6 5. exd6 Qxd6 6. Bg2 g6 7. Nf3 Bg7 8. O-O
O-O 9. d4 Nc6 10. dxc5 Qxc5 11. Nbd2 Rd8 12. Qe2 Bf5 13. Nh4 Be6 14. Ne4 Qb6 15.
Ng5 Rd6 16. Nxe6 Rxe6 17. Qg4 Nf6 18. Qc4 Ne5 19. Qa4 Nd3 20. Be3 Rxe3 21. fxe3
Qxe3+ 22. Kh1 Nf2+ 23. Rxf2 Qxf2 24. Qb3 Rd8 25. Rf1 Qe2 26. Nf3 Ng4 27. Ng5 Rd2
28. Qxf7+ 1-0

[Event "c14"]
[Site "?"]
[Date "2020.08.27"]
[Round "6.8"]
[White "Starosciak, Szymon"]
[Black "Jedraszek, Pawel"]
[Result "0-1"]
[BlackElo "1490"]
[WhiteElo "1525"]
[LiveChessVersion "1.4.8"]

1. e4 {[%clk 0:03:01]} c5 {[%clk 0:03:04]} 2. Nf3 {[%clk 0:03:02]} d6
{[%clk 0:03:05]} 3. d4 {[%clk 0:03:03]} cxd4 {[%clk 0:03:07]} 4. Nxd4
{[%clk 0:03:03]} Nf6 {[%clk 0:03:08]} 5. Nc3 {[%clk 0:03:03]} a6 {[%clk 0:03:09]}
6. h3 {[%clk 0:03:02]} e5 {[%clk 0:03:10]} 7. Nb3 {[%clk 0:03:03]} Be6
{[%clk 0:03:10]} 8. f4 {[%clk 0:03:04]} Qc7 {[%clk 0:03:05]} 9. f5
{[%clk 0:03:01]} Bc4 {[%clk 0:03:06]} 10. Bxc4 {[%clk 0:02:53]} Qxc4
{[%clk 0:03:07]} 11. Qe2 {[%clk 0:02:50]} Qc7 {[%clk 0:02:57]} 12. Bg5
{[%clk 0:02:48]} Nbd7 {[%clk 0:02:56]} 13. O-O-O {[%clk 0:02:41]} Be7
{[%clk 0:02:47]} 14. g4 {[%clk 0:02:41]} h6 {[%clk 0:02:33]} 15. Bxf6 Nxf6
{[%clk 0:02:34]} 16. h4 {[%clk 0:02:09]} Qc6 {[%clk 0:01:14]} 17. g5
{[%clk 0:01:52]} Nd7 {[%clk 0:01:16]} 18. Nd5 {[%clk 0:01:30]} hxg5
{[%clk 0:01:11]} 19. Nxe7 {[%clk 0:01:30]} Kxe7 {[%clk 0:01:12]} 20. hxg5
{[%clk 0:01:30]} Rac8 {[%clk 0:01:03]} 21. g6 {[%clk 0:01:14]} f6
{[%clk 0:01:02]} 22. Kb1 {[%clk 0:00:44]} Nc5 {[%clk 0:00:52]} 23. Nxc5
{[%clk 0:00:41]} Qxc5 {[%clk 0:00:53]} 24. Qd3 {[%clk 0:00:30]} b5
{[%clk 0:00:50]} 25. Qb3 {[%clk 0:00:17]} Qc4 {[%clk 0:00:46]} 26. Qxc4
{[%clk 0:00:17]} bxc4 {[%clk 0:00:48]} 27. c3 {[%clk 0:00:09]} Kd7
{[%clk 0:00:37]} 28. Kc2 {[%clk 0:00:09]} Kc6 {[%clk 0:00:38]} 29. b3
{[%clk 0:00:07]} cxb3+ {[%clk 0:00:35]} 30. axb3 {[%clk 0:00:08]} Rb8
{[%clk 0:00:31]} 31. Ra1 {[%clk 0:00:09]} Kb6 {[%clk 0:00:27]} 32. Kb2
{[%clk 0:00:06]} Rbd8 {[%clk 0:00:26]} 33. Rad1 {[%clk 0:00:06]} Kc6
{[%clk 0:00:27]} 34. b4 {[%clk 0:00:06]} Kb6 {[%clk 0:00:28]} 35. Kb3
{[%clk 0:00:08]} a5 {[%clk 0:00:22]} 36. Rxh8 {[%clk 0:00:08]} Rxh8
{[%clk 0:00:23]} 37. Rxd6+ {[%clk 0:00:09]} Kc7 {[%clk 0:00:25]} 38. Ra6
{[%clk 0:00:08]} axb4 {[%clk 0:00:23]} 39. Ra7+ {[%clk 0:00:06]} Kd6
{[%clk 0:00:24]} 40. Rxg7 {[%clk 0:00:06]} bxc3 {[%clk 0:00:23]} 41. Kxc3
{[%clk 0:00:07]} Rh4 {[%clk 0:00:18]} 42. Kd3 {[%clk 0:00:06]} Rh3+
{[%clk 0:00:19]} 43. Ke2 {[%clk 0:00:07]} Rh2+ {[%clk 0:00:15]} 44. Kf3
{[%clk 0:00:08]} Rh3+ {[%clk 0:00:16]} 45. Kf2 {[%clk 0:00:08]} Rh4
{[%clk 0:00:15]} 46. Kf3 {[%clk 0:00:05]} Rh3+ {[%clk 0:00:17]} 47. Kg4
{[%clk 0:00:07]} Re3 {[%clk 0:00:17]} 48. Ra7 {[%clk 0:00:05]} Rxe4+
{[%clk 0:00:18]} 49. Kf3 {[%clk 0:00:05]} Rf4+ {[%clk 0:00:20]} 50. Ke3
{[%clk 0:00:05]} Rxf5 {[%clk 0:00:20]} 51. g7 {[%clk 0:00:05]} Rg5
{[%clk 0:00:21]} 52. Ke4 {[%clk 0:00:06]} f5+ {[%clk 0:00:18]} 53. Kf3
{[%clk 0:00:07]} Ke6 {[%clk 0:00:17]} 54. Ra6+ {[%clk 0:00:04]} Kf7
{[%clk 0:00:17]} 55. Ra5 {[%clk 0:00:05]} Kf6 {[%clk 0:00:13]} 56. Ke3
{[%clk 0:00:03]} Rxg7 {[%clk 0:00:13]} 57. Ra6+ {[%clk 0:00:04]} Kg5
{[%clk 0:00:15]} 58. Ra5 {[%clk 0:00:05]} Re7 {[%clk 0:00:14]} 59. Rb5
{[%clk 0:00:06]} Re6 {[%clk 0:00:15]} 60. Ra5 {[%clk 0:00:07]} Kf6
{[%clk 0:00:16]} 61. Kf3 {[%clk 0:00:08]} Rc6 {[%clk 0:00:17]} 62. Ra3
{[%clk 0:00:07]} Kg5 {[%clk 0:00:17]} 63. Ke3 {[%clk 0:00:08]} e4
{[%clk 0:00:17]} 64. Ra5 {[%clk 0:00:09]} Rc3+ {[%clk 0:00:18]} 65. Kf2
{[%clk 0:00:08]} Kf4 {[%clk 0:00:19]} 66. Ra2 {[%clk 0:00:09]} Rb3
{[%clk 0:00:20]} 67. Rc2 Kg4 {[%clk 0:00:20]} 68. Rc4 {[%clk 0:00:10]} Rb2+
{[%clk 0:00:20]} 69. Ke3 {[%clk 0:00:10]} Rb3+ {[%clk 0:00:19]} 70. Kf2
{[%clk 0:00:11]} Rf3+ {[%clk 0:00:18]} 71. Ke2 {[%clk 0:00:11]} Kf4
{[%clk 0:00:19]} 72. Ra4 {[%clk 0:00:12]} Rh3 {[%clk 0:00:19]} 73. Kf2
{[%clk 0:00:10]} Rh2+ {[%clk 0:00:21]} 74. Kg1 {[%clk 0:00:12]} Rb2
{[%clk 0:00:22]} 75. Ra3 {[%clk 0:00:11]} e3 {[%clk 0:00:23]} 76. Ra4+
{[%clk 0:00:12]} Kg3 {[%clk 0:00:23]} 77. Kf1 {[%clk 0:00:12]} f4
{[%clk 0:00:24]} 78. Ra8 {[%clk 0:00:12]} Kf3 {[%clk 0:00:21]} 79. Ra1
{[%clk 0:00:12]} Rh2 {[%clk 0:00:16]} 80. Kg1 {[%clk 0:00:13]} Rf2
{[%clk 0:00:17]} 81. Ra4 {[%clk 0:00:10]} Rg2+ {[%clk 0:00:13]} 82. Kh1
{[%clk 0:00:07]} Rg8 {[%clk 0:00:12]} 83. Ra1 {[%clk 0:00:05]} e2
{[%clk 0:00:13]} 84. Re1 {[%clk 0:00:05]} Kf2 {[%clk 0:00:12]} 85. Ra1
{[%clk 0:00:04]} e1=Q+ 0-1

[Event "c14"]
[Site "?"]
[Date "2020.08.27"]
[Round "6.9"]
[White "Demski, Michal"]
[Black "Herwy, Jakub"]
[Result "1/2-1/2"]
[BlackElo "1741"]
[WhiteElo "1773"]
[LiveChessVersion "1.4.8"]

1. e4 {[%clk 0:03:02]} c5 {[%clk 0:03:03]} 2. Nc3 {[%clk 0:03:03]} Nc6
{[%clk 0:03:04]} 3. Bb5 {[%clk 0:03:03]} Nd4 {[%clk 0:03:00]} 4. Nf3
{[%clk 0:03:03]} Nxb5 {[%clk 0:02:59]} 5. Nxb5 {[%clk 0:03:04]} a6
{[%clk 0:03:01]} 6. Nc3 {[%clk 0:03:05]} e6 {[%clk 0:02:59]} 7. d4
{[%clk 0:03:05]} cxd4 {[%clk 0:02:58]} 8. Qxd4 {[%clk 0:03:03]} Qc7
{[%clk 0:02:56]} 9. O-O {[%clk 0:03:01]} d6 {[%clk 0:02:50]} 10. Re1
{[%clk 0:02:45]} Nf6 {[%clk 0:02:47]} 11. Bg5 {[%clk 0:02:43]} Be7
{[%clk 0:02:47]} 12. Rad1 {[%clk 0:02:41]} Qc5 {[%clk 0:02:00]} 13. Bxf6
{[%clk 0:02:19]} gxf6 {[%clk 0:01:51]} 14. Qxc5 {[%clk 0:01:31]} dxc5
{[%clk 0:01:53]} 15. Na4 {[%clk 0:01:31]} b5 {[%clk 0:01:49]} 16. Nb6
{[%clk 0:01:31]} Rb8 {[%clk 0:01:50]} 17. Nxc8 {[%clk 0:01:31]} Rxc8
{[%clk 0:01:52]} 18. c4 {[%clk 0:01:14]} Rd8 {[%clk 0:01:31]} 19. Rxd8+
{[%clk 0:01:05]} Kxd8 {[%clk 0:01:30]} 20. cxb5 {[%clk 0:01:06]} axb5
{[%clk 0:01:31]} 21. a4 {[%clk 0:00:33]} Kc7 {[%clk 0:01:27]} 22. axb5
{[%clk 0:00:26]} Rb8 {[%clk 0:01:24]} 23. Nd2 {[%clk 0:00:08]} Rxb5
{[%clk 0:01:22]} 24. Nc4 {[%clk 0:00:10]} Rb4 {[%clk 0:01:22]} 25. Rc1
{[%clk 0:00:11]} Kc6 {[%clk 0:01:17]} 26. Kf1 {[%clk 0:00:05]} Kb5
{[%clk 0:01:15]} 27. Na3+ {[%clk 0:00:07]} Kc6 {[%clk 0:01:11]} 28. Nc4
{[%clk 0:00:08]} Kb5 29. Na3+ Ka4 {[%clk 0:01:03]} 30. Nc4 {[%clk 0:00:09]} Kb3
{[%clk 0:00:58]} 31. Rc3+ {[%clk 0:00:06]} Ka4 {[%clk 0:00:54]} 32. Ke2
{[%clk 0:00:04]} Kb5 {[%clk 0:00:54]} 33. Na3+ {[%clk 0:00:05]} Kc6
{[%clk 0:00:51]} 34. b3 {[%clk 0:00:05]} Rxe4+ {[%clk 0:00:48]} 35. Kd3
{[%clk 0:00:06]} Rd4+ {[%clk 0:00:48]} 36. Kc2 {[%clk 0:00:07]} f5
{[%clk 0:00:40]} 37. Rh3 {[%clk 0:00:06]} Rg4 {[%clk 0:00:38]} 38. Rxh7
{[%clk 0:00:05]} Rxg2 {[%clk 0:00:39]} 39. Rxf7 {[%clk 0:00:06]} Rxf2+
{[%clk 0:00:40]} 40. Kd3 {[%clk 0:00:06]} Bd6 {[%clk 0:00:33]} 41. Nc4
{[%clk 0:00:07]} Bxh2 {[%clk 0:00:24]} 42. Re7 {[%clk 0:00:08]} Kd5
{[%clk 0:00:08]} 43. Rd7+ {[%clk 0:00:08]} Kc6 {[%clk 0:00:07]} 44. Re7
{[%clk 0:00:09]} Rf3+ {[%clk 0:00:03]} 45. Kc2 {[%clk 0:00:10]} Kd5
{[%clk 0:00:03]} 46. Rd7+ {[%clk 0:00:09]} Kc6 {[%clk 0:00:04]} 47. Re7
{[%clk 0:00:09]} Rf4 {[%clk 0:00:05]} 48. Rxe6+ {[%clk 0:00:10]} Kd7
{[%clk 0:00:06]} 49. Rd6+ {[%clk 0:00:11]} Kc7 {[%clk 0:00:07]} 50. Rd5
{[%clk 0:00:12]} Kc6 {[%clk 0:00:08]} 51. Rd6+ {[%clk 0:00:13]} Kc7
{[%clk 0:00:09]} 52. Rf6 {[%clk 0:00:14]} Rf2+ 1/2-1/2

[Event "c14"]
[Site "?"]
[Date "2020.08.27"]
[Round "6.10"]
[White "Wilk, Igor"]
[Black "Bogusz, Alan"]
[Result "1/2-1/2"]
[BlackElo "1429"]
[WhiteElo "1483"]
[LiveChessVersion "1.4.8"]

1. e4 {[%clk 0:03:03]} c5 {[%clk 0:03:03]} 2. Nf3 {[%clk 0:03:04]} d6
{[%clk 0:03:05]} 3. Bb5+ {[%clk 0:03:05]} Nd7 {[%clk 0:03:06]} 4. c3
{[%clk 0:03:06]} a6 {[%clk 0:03:07]} 5. Ba4 {[%clk 0:03:06]} b5 {[%clk 0:03:04]}
6. Bc2 {[%clk 0:03:07]} Bb7 {[%clk 0:03:05]} 7. O-O {[%clk 0:03:07]} Ngf6
{[%clk 0:03:05]} 8. Qe2 {[%clk 0:03:08]} e5 {[%clk 0:02:58]} 9. a4
{[%clk 0:02:58]} Bc6 {[%clk 0:02:41]} 10. d3 {[%clk 0:02:42]} h6 {[%clk 0:02:31]}
11. axb5 {[%clk 0:02:38]} axb5 {[%clk 0:02:30]} 12. Rxa8 {[%clk 0:02:35]} Qxa8
{[%clk 0:02:31]} 13. d4 {[%clk 0:02:16]} Be7 {[%clk 0:02:20]} 14. dxe5
{[%clk 0:02:00]} dxe5 {[%clk 0:02:16]} 15. Re1 {[%clk 0:01:48]} O-O
{[%clk 0:02:16]} 16. Be3 {[%clk 0:01:48]} Qa2 {[%clk 0:02:03]} 17. Bc1
{[%clk 0:01:09]} Qa8 {[%clk 0:01:54]} 18. Nbd2 {[%clk 0:01:02]} Rd8
{[%clk 0:01:43]} 19. Nf1 {[%clk 0:00:50]} Qa2 {[%clk 0:01:10]} 20. Ng3
{[%clk 0:00:41]} c4 {[%clk 0:00:54]} 21. Nf5 {[%clk 0:00:26]} Bf8
{[%clk 0:00:54]} 22. Qd1 {[%clk 0:00:21]} Qa8 {[%clk 0:00:51]} 23. Qe2
{[%clk 0:00:19]} Kh7 {[%clk 0:00:39]} 24. b3 {[%clk 0:00:17]} cxb3
{[%clk 0:00:30]} 25. Bxb3 {[%clk 0:00:18]} Bxe4 {[%clk 0:00:27]} 26. Ng3
{[%clk 0:00:15]} Bd5 {[%clk 0:00:23]} 27. Bxd5 {[%clk 0:00:13]} Qxd5
{[%clk 0:00:24]} 28. Bb2 {[%clk 0:00:10]} e4 {[%clk 0:00:21]} 29. Nd4
{[%clk 0:00:11]} b4 {[%clk 0:00:16]} 30. Nxe4 {[%clk 0:00:06]} Nxe4
{[%clk 0:00:16]} 31. Qxe4+ {[%clk 0:00:08]} Qxe4 {[%clk 0:00:16]} 32. Rxe4
{[%clk 0:00:09]} bxc3 {[%clk 0:00:17]} 33. Bxc3 {[%clk 0:00:10]} Nf6
{[%clk 0:00:16]} 34. Re1 {[%clk 0:00:10]} Bc5 {[%clk 0:00:16]} 35. Rd1
{[%clk 0:00:12]} Ne4 {[%clk 0:00:15]} 36. Bb2 {[%clk 0:00:10]} Kg6
{[%clk 0:00:14]} 37. Kf1 {[%clk 0:00:10]} Kh7 {[%clk 0:00:11]} 38. Ke2
{[%clk 0:00:10]} Kg8 {[%clk 0:00:09]} 39. f3 {[%clk 0:00:10]} Nf6
{[%clk 0:00:09]} 40. Nf5 {[%clk 0:00:08]} Rxd1 {[%clk 0:00:09]} 1/2-1/2

[Event "c14"]
[Site "?"]
[Date "2020.08.27"]
[Round "6.11"]
[White "Madajczak, Piotr"]
[Black "Bancarewicz, Aleks"]
[Result "1-0"]
[BlackElo "1714"]
[WhiteElo "1700"]
[LiveChessVersion "1.4.8"]

1. c4 e5 2. Nc3 Nf6 3. Nf3 Nc6 4. e4 Bc5 5. Nxe5 Nxe5 6. d4 Bd6 7. c5 Bxc5 8.
dxe5 Ng8 9. Qg4 g6 10. Bg5 Be7 11. Bf4 d6 12. Qf3 dxe5 13. Bxe5 Bf6 14. Bc4 Be6
15. Bxe6 fxe6 16. Rd1 Qe7 17. Bg3 Bxc3+ 18. Qxc3 Nf6 19. O-O O-O 20. f3 Rac8 21.
Kh1 Rfd8 22. Bh4 Rxd1 23. Rxd1 Rf8 24. e5 Nd5 25. Bxe7 Nxc3 26. bxc3 Re8 27. Rd8
Kf7 28. Rxe8 Kxe8 29. Bf6 Kd7 30. Kg1 Kc6 31. g4 Kc5 32. f4 Kc4 33. Kf2 b5 34.
Ke3 a5 35. Kd2 c5 36. Be7 b4 37. cxb4 cxb4 38. Kc2 a4 39. h4 h5 40. gxh5 gxh5 41.
Kb2 b3 42. axb3+ axb3 43. Bf8 Kd4 44. Kxb3 Ke4 45. Bh6 Kf5 46. Bg5 Kg4 47. Kc4
Kf5 48. Kc5 Kg6 49. Kd6 Kf5 50. Ke7 Kg6 51. Kxe6 Kh7 52. f5 Kg7 53. f6+ Kg8 54.
f7+ Kh7 55. f8=Q Kg6 56. Qf6+ Kh7 57. Qf7+ Kh8 58. Bf6# 1-0